000 00640nam a2200229Ia 4500
003 OSt
005 20220928111335.0
006 a|||||r|||| 00| 0
007 ta
008 220927b |||||||| |||| 00| 0 eng d
024 _a32581
037 _cTextual
040 _aSDCL
_cSDCL
_beng
041 _2eng
_aeng
082 _aSigma.2sN51, L1
100 _aIndia,Statistical organisation
245 0 _aStatistical system in India,1970.
260 _aNew Delhi
_bCabinet Secretariat
_c1971
300 _a74p
_ccm.
942 _hSigma.2sN51, L1
_cTEXL
_2CC
999 _c739798
_d739798